| 000 | 00731cab a2200217 4500 | ||
|---|---|---|---|
| 001 | ABS37149 | ||
| 008 | 090401t1986 xxu||||| |||| 00| 0 eng d | ||
| 035 | _a(Sirsi) u2550 | ||
| 041 | _aeng | ||
| 100 | _aSands, D. | ||
| 245 | 4 | _aThe great out of town debate | |
| 260 | _c1986 | ||
| 350 | _a0 | ||
| 490 |
_aShop Property _v, November 1986, 36-46(6) |
||
| 520 | _aReports on retail activity in the West Country , noting the interest in out of town retail warehousing . Shopping centre proposals and recent deals in Bristol , Bath , Exeter , Plymouth and Cornwall are mentioned. | ||
| 650 | _aEDGE OF TOWN RETAILING | ||
| 650 | _aSHOP MARKET | ||
| 690 | _aPROPERTY-COMMERCIAL PROPERTY | ||
| 942 | _n0 | ||
| 948 | _c04/03/1997 | ||
| 999 |
_c1534 _d1534 |
||